00543nam a2200181 a 450000100060000000300090000600800410001502000150005604000280007108200170009910000410011624500410015726000430019830000110024165000300025265000550028265000240033717199CO-ViMGA141112s2004 ck r 000 u spa d a842000779X aCO-ViMGAbspacCO-ViMGA04a664.028 F3451 aFehlhaber, Karsten; Janetschke, Paul10aHigiene veterinaria de los alimentos aZaragoza (España), cAcribia, c1995 a669.p.14aCONSERVACION DE ALIMENTOS14aHIGIENE DE LOS ALIMENTOSALIMENTOS DE ORIGEN ANIMAL14aHIGIENE VETERINARIA